000 00395nam a2200145Ia 4500
005 20250405174528.0
008 240331s9999 xx 000 0 und d
082 _bSAM
_a894
100 _aSameem,A
245 0 _aKylasapadi +sillayiyoor Selavarajan
260 _aColombo
_bIlankai motpokku kalai ilakiyaperavai
_c2007
300 _a134 p .,
500 _aTheshiya Ilakkiaym patriyathu
942 _cL
999 _c2513
_d2513